| 000 | 00452cam a2200169ua 4500 | ||
|---|---|---|---|
| 020 | _c29.00 | ||
| 041 |
_aeng _h |
||
| 082 |
_a696.1 _bORA/AU |
||
| 100 | _aOravetz, Jules . | ||
| 245 |
_aAudels plumbers and pipe fitters library: Drainage fittings fixtures / _cJules Oravetz. _hTextual Documents |
||
| 260 |
_aBombay : _bTaraporevala sons , _c1976. |
||
| 300 | _a ; . | ||
| 365 | _a29.00 | ||
| 504 | _a | ||
| 942 | _cBK | ||
| 999 |
_c3305 _d3305 |
||